000 01384nam a2200361 a 4500
001 ebr10683183
003 CaPaEBR
006 m u
007 cr cn|||||||||
008 071030s2008 nyuad sb 001 0 eng d
010 _z 2007045017
020 _z9781604560923 (hardcover)
020 _z1604560924 (hardcover)
020 _z9781621004424 (e-book)
040 _aCaPaEBR
_cCaPaEBR
035 _a(OCoLC)746920558
050 1 4 _aHQ519
_b.F30 2008eb
082 0 4 _a306.87
_222
245 0 0 _aFamily relations
_h[electronic resource] :
_b21st century issues and challenges /
_cJennifer K. Quinn and Irwin G. Zambini, editors.
260 _aNew York :
_bNova Science Publishers,
_cc2008.
300 _axi, 215 p. :
_bill.
504 _aIncludes bibliographical references and index.
533 _aElectronic reproduction.
_bPalo Alto, Calif. :
_cebrary,
_d2013.
_nAvailable via World Wide Web.
_nAccess may be limited to ebrary affiliated libraries.
650 0 _aFamilies.
650 0 _aFamilies
_xPsychological aspects.
650 0 _aMarried people.
650 0 _aParent and child.
655 7 _aElectronic books.
_2local
700 1 _aQuinn, Jennifer Jean,
_d1975-
700 1 _aZambini, Irwin G.
710 2 _aebrary, Inc.
856 4 0 _uhttp://site.ebrary.com/lib/rucke/Doc?id=10683183
_zAn electronic book accessible through the World Wide Web; click to view
999 _c13935
_d13935